[Event "Lansing (MOR/3/32)"]
[Site "?"]
[Date "1996.??.??"]
[Round "?"]
[White "Abdul-Mujeeb, N."]
[Black "Gregg, Ted"]
[Result "1-0"]
[WhiteElo "1605"]
[BlackElo "1605"]
[PlyCount "67"]
[EventDate "1996.??.??"]

{3/(32)} 1. c4 Nf6 2. d4 d5 3. Nc3 e6 4. a3 Nbd7 5. Nf3 c6 6. Bg5 Qa5 7. b4 Qc7
8. c5 b6 9. e3 Be7 10. Bf4 Qd8 11. Bd3 h6 12. O-O Nh7 13. e4 dxe4 14. Nxe4 Ng5
15. Nd6+ Bxd6 16. Bxd6 f5 17. Re1 Nf6 18. Nxg5 hxg5 19. Bxf5 Kf7 20. Qb3 Nd5
21. Be4 Qf6 22. Be5 Qh6 23. Bxd5 exd5 24. Re3 Bf5 25. b5 Rac8 26. Bd6 Rhe8 27.
Rf3 Qg6 28. g4 Re4 29. gxf5 Rg4+ 30. Bg3 Qf6 31. bxc6 Qxd4 32. Rd1 Qxc5 33.
Rxd5 Qc1+ 34. Rd1+ 1-0

[Event "Lansing (MOR/1b/15)"]
[Site "?"]
[Date "1996.??.??"]
[Round "?"]
[White "Abdul-Mujeeb, N."]
[Black "Cooper, Willie"]
[Result "0-1"]
[WhiteElo "1605"]
[BlackElo "1605"]
[PlyCount "70"]
[EventDate "1996.??.??"]

1. c4 c5 2. Nf3 Nc6 3. d4 e6 4. d5 exd5 5. cxd5 Nce7 6. e4 d6 7. Nc3 Nf6 8.
Qa4+ Bd7 9. Nb5 Ng6 10. Qc2 a6 11. Nc3 Be7 12. Bd3 O-O 13. O-O h6 14. Re1 Qc7
15. b3 b5 16. Qd2 Ng4 17. Bb2 N6e5 18. Nxe5 Nxe5 19. Bc2 c4 20. Rac1 Qb6 21. h3
Bh4 22. Re3 Bg5 23. Nd1 Bxe3 24. Nxe3 Rac8 25. f4 Ng6 26. Qc3 f6 27. Rf1 cxb3
28. Qxb3 Rxc2 29. Qxc2 Qxe3+ 30. Kh1 Rc8 31. Qb1 Qe2 32. Ba3 Rc2 33. Rg1 Bxh3
34. Qe1 Bxg2+ 35. Kh2 Qh5+ 0-1

[Event "Lansing January Mini-Swiss.1"]
[Site "?"]
[Date "1996.01.07"]
[Round "2"]
[White "Zacks, Naum"]
[Black "Aldrich, Jeff"]
[Result "0-1"]
[WhiteElo "1800"]
[BlackElo "1915"]
[PlyCount "64"]
[EventDate "1996.??.??"]

1. e4 c6 2. d4 d5 3. Nc3 dxe4 4. Nxe4 Nd7 5. Bc4 e6 6. Ng5 Ngf6 7. N1f3 h6 8.
Nxf7 Kxf7 9. O-O Bd6 10. c3 Nb6 11. Bd3 Qc7 12. c4 c5 13. b4 Be7 14. Ne5+ Kg8
15. bxc5 Bxc5 16. Ng6 Bxd4 17. Bf4 e5 18. Nxe5 Bxe5 19. Bxe5 Qxe5 20. Qb3 Ng4
21. g3 Qc5 22. Rae1 Bd7 23. Be4 Rf8 24. Bd5+ Nxd5 25. cxd5 Rxf2 26. d6+ Rf7+
27. Kg2 Bc6+ 28. Rf3 Qf2+ 29. Kh3 Qxh2+ 30. Kxg4 Bxf3+ 31. Qxf3 h5+ 32. Kg5
Rxf3 0-1

[Event "Lansing January Mini-Swiss.1"]
[Site "?"]
[Date "1996.01.07"]
[Round "3"]
[White "Estlick, Laurence"]
[Black "Aldrich, Jeff"]
[Result "0-1"]
[WhiteElo "2083"]
[BlackElo "1915"]
[PlyCount "52"]
[EventDate "1996.??.??"]

1. d4 d5 2. c4 c6 3. Nc3 Nf6 4. Nf3 e6 5. cxd5 exd5 6. Bg5 Bd6 7. e3 Bf5 8. Be2
Nbd7 9. O-O O-O 10. h3 Qc7 11. Rc1 a6 12. Bd3 Bxd3 13. Qxd3 Rae8 14. a3 h6 15.
Bxf6 Nxf6 16. b4 Ne4 17. Nxd5 Qd8 18. Nc3 f5 19. Nd2 Nxd2 20. Qxd2 f4 21. e4 f3
22. g3 Rf4 23. gxf4 Qh4 24. Nd1 Qxh3 25. Ne3 Bxf4 26. Qa2+ Kh8 0-1

[Event "Lansing January Mini-Swiss.1"]
[Site "?"]
[Date "1996.01.07"]
[Round "1"]
[White "Aldrich, Jeff"]
[Black "Noren, Kevin"]
[Result "0-1"]
[WhiteElo "1915"]
[BlackElo "2282"]
[PlyCount "62"]
[EventDate "1996.??.??"]

1. d4 Nf6 2. c4 c5 3. d5 e5 4. Nc3 d6 5. e4 Be7 6. Nf3 Nbd7 7. Be2 Nf8 8. O-O
Ng6 9. Ne1 O-O 10. Nd3 a6 11. a4 b6 12. f4 exf4 13. Nxf4 Ne5 14. b3 Re8 15. Nd3
Nxd3 16. Qxd3 Nd7 17. Bf4 Nf8 18. e5 Ng6 19. exd6 Bf6 20. Be3 Rxe3 21. Qxe3 Bd4
22. Qxd4 cxd4 23. Ne4 f5 24. Ng3 f4 25. Nh5 Qxd6 26. Bd3 Ne5 27. Nxf4 g5 28.
Nh5 Nxd3 29. Rf6 Qe5 30. Raf1 Bg4 31. Ng3 b5 {Time} 0-1

[Event "Lansing February Mini-Swiss.2"]
[Site "?"]
[Date "1996.02.11"]
[Round "3"]
[White "Triplett, Thomas"]
[Black "Aldrich, Jeff"]
[Result "1-0"]
[WhiteElo "1906"]
[BlackElo "1918"]
[PlyCount "81"]
[EventDate "1996.??.??"]

1. e4 c6 2. d4 d5 3. e5 Bf5 4. Nc3 e6 5. g4 Bg6 6. Nge2 Bb4 7. Nf4 Be4 8. f3
Qh4+ 9. Ke2 Bg6 10. Bd2 c5 11. Nxg6 hxg6 12. Nb5 Bxd2 13. Nd6+ Kf8 14. Qxd2
Qxh2+ 15. Rxh2 Rxh2+ 16. Ke1 Rxd2 17. Kxd2 Nc6 18. dxc5 Nxe5 19. Nxb7 Nxf3+ 20.
Ke3 Ne5 21. Kf4 f6 22. b4 Ne7 23. b5 g5+ 24. Kg3 Nc8 25. a4 Rb8 26. c6 a5 27.
Nxa5 Nd6 28. Be2 Ke7 29. Kg2 Kd8 30. Nb3 Kc7 31. Nd4 Re8 32. a5 Ng6 33. b6+ Kb8
34. Ba6 Nf4+ 35. Kg3 Ka8 36. Rh1 Ne4+ 37. Kf3 Nc5 38. Bb5 Rg8 39. a6 e5 40. c7
exd4 41. Bc6+ 1-0

[Event "Lansing February Mini-Swiss.2"]
[Site "?"]
[Date "1996.02.11"]
[Round "1"]
[White "Sundeen, David"]
[Black "Aldrich, Jeff"]
[Result "0-1"]
[WhiteElo "1757"]
[BlackElo "1918"]
[PlyCount "48"]
[EventDate "1996.??.??"]

1. e4 c6 2. d4 d5 3. e5 Bf5 4. Bd3 Bxd3 5. Qxd3 e6 6. Nf3 Ne7 7. c3 Nf5 8. g4
Nh4 9. Bg5 Nxf3+ 10. Qxf3 Qxg5 11. h4 Qg6 12. Nd2 Nd7 13. O-O-O c5 14. h5 Qg5
15. Qg3 Rc8 16. f4 Qe7 17. Nf3 b5 18. g5 b4 19. Kd2 bxc3+ 20. bxc3 cxd4 21.
Nxd4 Nc5 22. Qe3 Ne4+ 23. Ke1 Rxc3 24. Qe2 Qb4 0-1

[Event "Lansing February Mini-Swiss.2"]
[Site "?"]
[Date "1996.02.11"]
[Round "2"]
[White "Aldrich, Jeff"]
[Black "Conlon, Russell"]
[Result "1/2-1/2"]
[WhiteElo "1918"]
[BlackElo "1879"]
[PlyCount "32"]
[EventDate "1996.??.??"]

1. d4 d6 2. c4 e5 3. dxe5 dxe5 4. Qxd8+ Kxd8 5. Nf3 f6 6. Nc3 c6 7. Be3 Kc7 8.
g3 Be6 9. Nd2 Nh6 10. Bxh6 gxh6 11. Bg2 Nd7 12. O-O-O Bb4 13. Kc2 a5 14. a3 Be7
15. h4 Rhg8 16. Bh3 Nc5 1/2-1/2

[Event "Kalamazoo Quads"]
[Site "Kalamazoo"]
[Date "1996.03.03"]
[Round "?"]
[White "Latterner, Tom"]
[Black "Brumley, Ron"]
[Result "0-1"]
[WhiteElo "1277"]
[BlackElo "1299"]
[PlyCount "88"]
[EventDate "1996.03.30"]

1. e4 e6 2. d4 c5 3. Nf3 Nc6 4. a3 a5 5. Bb5 a4 6. Bxc6 dxc6 7. Nc3 Nf6 8. Bg5
h6 9. Bxf6 Qxf6 10. e5 Qg6 11. O-O Be7 12. Qe2 O-O 13. Ne4 Ra5 14. c4 cxd4 15.
Qd3 Rd8 16. Rac1 b6 17. Rfd1 Bb7 18. Qe2 c5 19. Ng3 Rd7 20. Rd3 Ra8 21. Rcd1
Bd8 22. b3 Ba6 23. Nxd4 Rxd4 24. Rxd4 cxd4 25. Rxd4 Qb1+ 26. Nf1 Qxb3 27. Qd2
Bc7 28. Rd7 Qxc4 29. Ne3 Qc5 30. Qd1 Qxe5 31. g3 Bb7 32. Qe2 Qe4 33. f3 Qc6 34.
Rd1 Qxf3 35. Qxf3 Bxf3 36. Kf2 Bxd1 37. Nxd1 Rd8 38. Ke2 b5 39. Nc3 Rd5 40. Ke3
Bb6+ 41. Ke4 Rd4+ 42. Ke3 Rc4+ 43. Kd3 Rxc3+ 44. Kxc3 e5 0-1

[Event "Lansing March Mini-Swiss.1"]
[Site "?"]
[Date "1996.03.10"]
[Round "2"]
[White "Schoonmaker, John"]
[Black "Aldrich, Jeff"]
[Result "1-0"]
[WhiteElo "1942"]
[BlackElo "1918"]
[PlyCount "141"]
[EventDate "1996.??.??"]

1. d4 d5 2. Nf3 Nf6 3. e3 c6 4. Bd3 Bg4 5. c4 dxc4 6. Bxc4 e6 7. Nbd2 Nbd7 8.
O-O Be7 9. b3 O-O 10. Bb2 Nb6 11. Bd3 a5 12. Qc2 Bh5 13. Ne5 a4 14. a3 Qc7 15.
b4 Rfd8 16. Rac1 Bg6 17. Nxg6 hxg6 18. b5 Rac8 19. Ne4 Nfd5 20. bxc6 Qxc6 21.
Qe2 Qe8 22. Bb5 Qf8 23. Qd3 Nc7 24. Rfd1 Rd5 25. Bc4 Nxc4 26. Rxc4 b5 27. Rc6
Rdd8 28. Rdc1 Nd5 29. Rxc8 Rxc8 30. Rxc8 Qxc8 31. Qxb5 Qc2 32. Ng3 Qb1+ 33. Nf1
Bxa3 34. Qe8+ Kh7 35. Bxa3 Qb3 36. Qf8 Nc3 37. g3 Nb1 38. Be7 a3 39. Qxf7 Kh6
40. Qg8 g5 41. g4 Kg6 42. Qe8+ Kh7 43. Bxa3 Nxa3 44. Qh5+ Kg8 45. Qxg5 Nc4 46.
Qf4 Qb1 47. Kg2 Nb2 48. Qb8+ Kh7 49. Qb3 Qc1 50. Qxe6 Qc2 51. Qf5+ Qxf5 52.
gxf5 Kh6 53. f4 Nc4 54. Kg3 g5 55. fxg6 Kxg6 56. e4 Kf6 57. d5 Nb6 58. Ne3 Nd7
59. e5+ Ke7 60. Kg4 Nc5 61. Kf5 Nd3 62. h4 Kf7 63. e6+ Kg7 64. d6 Kf8 65. h5
Kg7 66. d7 Kh7 67. Ng4 Nc5 68. d8=Q Nxe6 69. Qe7+ Ng7+ 70. Kf6 Kh8 71. Qxg7#
1-0

[Event "Lansing March Mini-Swiss.1"]
[Site "?"]
[Date "1996.03.10"]
[Round "3"]
[White "Mankiewicz, Ryan"]
[Black "Aldrich, Jeff"]
[Result "1-0"]
[WhiteElo "1998"]
[BlackElo "1918"]
[PlyCount "107"]
[EventDate "1996.??.??"]

1. e4 c6 2. Nc3 d5 3. Nf3 Bg4 4. h3 Bh5 5. exd5 cxd5 6. Bb5+ Nc6 7. g4 Bg6 8.
Ne5 Rc8 9. d4 e6 10. a3 Bd6 11. Bf4 Nge7 12. Nxg6 Nxg6 13. Bxd6 Qxd6 14. Qd2 a6
15. Bxc6+ Qxc6 16. O-O O-O 17. f4 f6 18. f5 Ne7 19. Rae1 e5 20. dxe5 Qc5+ 21.
Rf2 d4 22. Na4 Qc7 23. Qxd4 fxe5 24. Qxe5 Qxe5 25. Rxe5 Nc6 26. Rd5 Rfe8 27.
Nb6 Re1+ 28. Kg2 Rce8 29. f6 gxf6 30. Nd7 R8e7 31. Nxf6+ Kh8 32. Nh5 R1e2 33.
Rdf5 Rxf2+ 34. Kxf2 h6 35. Rf8+ Kh7 36. Re8 Rf7+ 37. Ke3 Ne7 38. Kd4 Nc6+ 39.
Ke3 Ne7 40. Nf4 Nc6 41. h4 Rg7 42. Nd5 Kg6 43. Re6+ Kf7 44. Rf6+ Kg8 45. Rxh6
Ne5 46. Kf4 Nxg4 47. Nf6+ Nxf6 48. Rxf6 Rg2 49. Rb6 Rxc2 50. Rxb7 Rc4+ 51. Kg5
Rc2 52. Rb6 Rg2+ 53. Kf4 Kh7 54. b4 1-0

[Event "Lansing March Mini-Swiss.1"]
[Site "?"]
[Date "1996.03.10"]
[Round "1"]
[White "Aldrich, Jeff"]
[Black "Koster, Ed"]
[Result "1-0"]
[WhiteElo "1918"]
[BlackElo "2109"]
[PlyCount "71"]
[EventDate "1996.??.??"]

1. d4 Nf6 2. c4 g6 3. Nc3 d5 4. cxd5 Nxd5 5. e4 Nxc3 6. bxc3 Bg7 7. Bc4 O-O 8.
Ne2 Nc6 9. O-O b6 10. Qc2 Bb7 11. Ba3 Na5 12. Bd3 Rc8 13. Rad1 c5 14. dxc5 bxc5
15. Nf4 e6 16. Bb5 Qc7 17. Ne2 Rfd8 18. Bc1 Qb6 19. a4 a6 20. Bd3 c4 21. Qb1
Qc6 22. Bc2 Nb3 23. Bg5 f6 24. Be3 Qxa4 25. Nd4 e5 26. Nxb3 Bxe4 27. Bxe4 cxb3
28. Bd5+ Rxd5 29. Rxd5 Rxc3 30. Rd8+ Kf7 31. Rfd1 Rc7 32. Rb8 b2 33. Rxb2 f5
34. Rb7 Qxd1+ 35. Qxd1 Rxb7 36. Qd5+ 1-0

[Event "Kalamazoo Quads"]
[Site "Kalamazoo"]
[Date "1996.03.30"]
[Round "?"]
[White "Williams, Ken"]
[Black "Evans Sr., Thomas"]
[Result "1/2-1/2"]
[WhiteElo "1745"]
[BlackElo "1752"]
[PlyCount "95"]
[EventDate "1996.03.30"]

1. d4 e6 2. e4 b6 3. Nf3 Be7 4. Nc3 Bb7 5. Bc4 Nf6 6. Qe2 d6 7. O-O Nbd7 8. Bf4
Nh5 9. Be3 Nhf6 10. Rad1 O-O 11. h3 Qc8 12. Bg5 Re8 13. Rfe1 e5 14. dxe5 dxe5
15. Bb5 c6 16. Bc4 b5 17. Bb3 a5 18. a3 Qc7 19. Bh4 h6 20. Bg3 Bc5 21. Nh4 b4
22. Na4 Ba6 23. Bc4 Bxc4 24. Qxc4 Ba7 25. Nf5 Nh5 26. Kh1 bxa3 27. bxa3 Kf8 28.
Nd6 Re6 29. Nb5 Qb7 30. Nxa7 Qxa7 31. Bh2 Rf6 32. Re2 Re6 33. Red2 Nhf6 34. Rd6
Rxd6 35. Rxd6 c5 36. Rd1 Qb7 37. f3 Qc6 38. Nc3 Rb8 39. Nd5 Nxd5 40. Rxd5 Nb6
41. Qxc5+ Qxc5 42. Rxc5 f6 43. Rxa5 Nc4 44. Ra7 Rb2 45. a4 Ra2 46. Bg3 Ra1+ 47.
Kh2 Nd2 48. h4 1/2-1/2

[Event "Kalamazoo Quads"]
[Site "Kalamazoo"]
[Date "1996.03.30"]
[Round "?"]
[White "Shellenberger, Richard"]
[Black "Anderson, Gale"]
[Result "1-0"]
[WhiteElo "1732"]
[BlackElo "1715"]
[PlyCount "83"]
[EventDate "1996.03.30"]

1. e4 e5 2. Nc3 Nf6 3. f4 Nc6 4. Nf3 d6 5. Bc4 Bg4 6. h3 Bxf3 7. Qxf3 Nd4 8.
Qd1 Qd7 9. d3 Be7 10. Be3 c6 11. Qd2 a5 12. a3 O-O 13. O-O b5 14. Ba2 Bd8 15.
Ne2 Bb6 16. Nxd4 exd4 17. Bf2 Ra6 18. e5 Ne8 19. Qe2 d5 20. Qf3 Nc7 21. Bh4 b4
22. Qg3 Qf5 23. a4 Re8 24. Qf3 Qd7 25. g4 c5 26. Kh2 Ba7 27. Rae1 Qxa4 28. Bxd5
Qxc2+ 29. Rf2 Qa4 30. Bc4 Rb6 31. b3 Qd7 32. Ra2 Rh6 33. Bg5 Rg6 34. Rxa5 Bb6
35. Ra2 h6 36. Bh4 Nb5 37. Qe4 Nc3 38. Qxg6 Nxa2 39. Qxb6 Nc3 40. e6 fxe6 41.
Bxe6+ Rxe6 42. Qxe6+ 1-0

[Event "Kalamazoo Quads"]
[Site "Kalamazoo"]
[Date "1996.03.30"]
[Round "?"]
[White "Schulte, Michael"]
[Black "Phalen, Michael"]
[Result "1/2-1/2"]
[WhiteElo "1383"]
[BlackElo "1346"]
[PlyCount "75"]
[EventDate "1996.03.30"]

1. f4 e5 2. fxe5 d6 3. exd6 Bxd6 4. Nf3 g5 5. g3 g4 6. Nh4 Ne7 7. d4 Ng6 8. Ng2
h5 9. Nc3 h4 10. Ne4 hxg3 11. Bg5 Be7 12. Bxe7 Nxe7 13. Nxg3 Nf5 14. Nxf5 Bxf5
15. Qd2 Nc6 16. O-O-O Qd5 17. b3 O-O-O 18. Ne3 Qxh1 19. Nxf5 Qxh2 20. d5 Ne5
21. d6 Nc6 22. d7+ Kb8 23. Nd4 Nxd4 24. Qxd4 g3 25. Bg2 f6 26. Rh1 Qxh1+ 27.
Bxh1 Rxh1+ 28. Kb2 a6 29. Qxf6 Rxd7 30. Qf3 Rh2 31. Qxg3 Rxe2 32. Qg8+ Ka7 33.
Qc4 Rdd2 34. Qxc7 Rxc2+ 35. Qxc2 Rxc2+ 36. Kxc2 Kb6 37. Kc3 Kb5 38. a3 1/2-1/2

[Event "Kalamazoo Quads"]
[Site "Kalamazoo"]
[Date "1996.03.30"]
[Round "?"]
[White "Schulte, Michael"]
[Black "Dumas, Steve"]
[Result "1-0"]
[WhiteElo "1383"]
[BlackElo "1379"]
[PlyCount "63"]
[EventDate "1996.03.30"]

1. f4 Nf6 2. Nf3 g6 3. b3 Bg7 4. Bb2 O-O 5. e3 b6 6. Bd3 Bb7 7. O-O d6 8. Qe1
Nbd7 9. Qh4 e5 10. fxe5 Bxf3 11. exf6 Bxf6 12. Bxf6 Nxf6 13. Rxf3 Nd5 14. Qxd8
Raxd8 15. Nc3 Nb4 16. Nb5 Nxd3 17. cxd3 a6 18. Nxc7 Rc8 19. Nxa6 Rc2 20. Rf2
Ra8 21. Nb4 Rc5 22. Raf1 f5 23. e4 Rb5 24. Nc6 Rxa2 25. exf5 gxf5 26. Rxf5 Rxf5
27. Ne7+ Kf7 28. Nxf5 Ke6 29. Ng7+ Kd5 30. Ne8 Rxd2 31. Nf6+ Kc5 32. Ne4+ 1-0

[Event "Kalamazoo Quads"]
[Site "Kalamazoo"]
[Date "1996.03.30"]
[Round "?"]
[White "Ritchie, Rick"]
[Black "Oh, James"]
[Result "1-0"]
[WhiteElo "965"]
[BlackElo "887"]
[PlyCount "65"]
[EventDate "1996.03.30"]

1. c4 e5 2. e4 Nf6 3. Nc3 Bc5 4. Be2 Nc6 5. Nf3 d6 6. d3 Ng4 7. O-O O-O 8. Nd5
Be6 9. Ng5 Bxd5 10. Bxg4 h6 11. exd5 hxg5 12. dxc6 bxc6 13. Be3 Bxe3 14. fxe3
Rb8 15. b3 d5 16. Qf3 Qf6 17. Rac1 Qxf3 18. Bxf3 dxc4 19. Rxc4 Rb6 20. Bxc6 Rd8
21. Be4 g6 22. Rxc7 f5 23. Bf3 Rxd3 24. Rd1 Rxd1+ 25. Bxd1 f4 26. exf4 exf4 27.
Bf3 Ra6 28. a4 g4 29. Bxg4 Rb6 30. Bd1 Rb4 31. Bc2 Rd4 32. g3 Rd2 33. gxf4 1-0

[Event "Kalamazoo Quads"]
[Site "Kalamazoo"]
[Date "1996.03.30"]
[Round "?"]
[White "Post, Robert"]
[Black "Ingles, Darrell"]
[Result "1/2-1/2"]
[WhiteElo "1712"]
[BlackElo "1450"]
[PlyCount "107"]
[EventDate "1996.03.30"]

1. d4 c5 2. d5 d6 3. e4 Nf6 4. Nc3 a6 5. a4 Bd7 6. Bg5 g6 7. Qd2 Bg7 8. Bh6 O-O
9. Bxg7 Kxg7 10. f3 e5 11. g4 Ng8 12. h4 h6 13. Nge2 Bc8 14. Ng3 Nd7 15. f4
exf4 16. Qxf4 Ne5 17. Be2 Qf6 18. Qxf6+ Nxf6 19. g5 Nfg4 20. gxh6+ Kxh6 21. Kd2
Bd7 22. Raf1 b5 23. axb5 axb5 24. Nxb5 Bxb5 25. Bxb5 Rab8 26. c4 Ra8 27. h5 Kg7
28. hxg6 fxg6 29. Rxf8 Rxf8 30. Rf1 Rxf1 31. Nxf1 Nf6 32. Ng3 Kh6 33. Ke3 Kg5
34. b3 Nfg4+ 35. Ke2 Kf4 36. Nf1 Kxe4 37. Nd2+ Kd4 38. Be8 g5 39. Nf3+ Nxf3 40.
Kxf3 Ne5+ 41. Kg3 Kc3 42. Ba4 g4 43. Kf2 Kb4 44. Kg3 Nxc4 45. bxc4 Kxa4 46.
Kxg4 Kb4 47. Kf5 Kxc4 48. Ke6 Kb4 49. Kxd6 c4 50. Ke6 c3 51. d6 c2 52. d7 c1=Q
53. d8=Q Qe1+ 54. Kf7 1/2-1/2

[Event "Kalamazoo Quads"]
[Site "Kalamazoo"]
[Date "1996.03.30"]
[Round "?"]
[White "Post, Robert"]
[Black "Griffin, John"]
[Result "0-1"]
[WhiteElo "1712"]
[BlackElo "1600"]
[PlyCount "106"]
[EventDate "1996.03.30"]

1. d4 Nf6 2. c4 e6 3. Nf3 b6 4. a3 Bb7 5. Nc3 d5 6. Bg5 Be7 7. e3 Nbd7 8. cxd5
exd5 9. Bd3 h6 10. Bh4 O-O 11. Rc1 a6 12. O-O c5 13. h3 Ne4 14. Bxe7 Qxe7 15.
Ne2 Rac8 16. dxc5 Rxc5 17. Ned4 Rxc1 18. Qxc1 Rc8 19. Qd1 Ne5 20. Nxe5 Qxe5 21.
f4 Qe8 22. Nf5 Qd8 23. Qg4 Qf6 24. Rd1 Nd6 25. Nd4 Rc7 26. Qe2 b5 27. g4 g6 28.
Rf1 Ne4 29. Bxe4 dxe4 30. Qh2 Qb6 31. h4 Bc8 32. f5 Rc5 33. fxg6 Qxg6 34. Kh1
Bxg4 35. Qb8+ Kh7 36. Qb7 Bf3+ 37. Nxf3 exf3 38. Qxf3 Qc6 39. Qxc6 Rxc6 40.
Rxf7+ Kg6 41. Rf4 Rc2 42. Rb4 Re2 43. e4 Kf6 44. Kg1 Ke5 45. b3 Rxe4 46. Kf2
Rxb4 47. axb4 Kf4 48. h5 Kg4 49. Ke3 Kxh5 50. Kf4 Kh4 51. Kf3 Kg5 52. Kg3 Kf5
53. Kf3 Ke5 0-1

[Event "Kalamazoo Quads"]
[Site "Kalamazoo"]
[Date "1996.03.30"]
[Round "?"]
[White "Phalen, Michael"]
[Black "Anthony, James"]
[Result "1-0"]
[WhiteElo "1346"]
[BlackElo "1470"]
[PlyCount "41"]
[EventDate "1996.03.30"]

1. d4 e6 2. c4 d6 3. Nc3 Nf6 4. Nf3 Be7 5. Bg5 O-O 6. e4 d5 7. Bd3 dxe4 8. Nxe4
Nxe4 9. Bxe7 Qxe7 10. Bxe4 Qb4+ 11. Qd2 Qe7 12. O-O Rd8 13. Qd3 f5 14. Rfe1 Qf6
15. Ne5 fxe4 16. Rxe4 Rf8 17. Ng4 Qg6 18. Rae1 Bd7 19. R1e3 Nc6 20. Rg3 Qf5 21.
Nh6+ 1-0

[Event "Kalamazoo Quads"]
[Site "Kalamazoo"]
[Date "1996.03.30"]
[Round "?"]
[White "Oh, James"]
[Black "Arenson, Kevin"]
[Result "0-1"]
[WhiteElo "887"]
[BlackElo "1042"]
[PlyCount "88"]
[EventDate "1996.03.30"]

1. e4 e5 2. Nc3 Nf6 3. Bc4 Nc6 4. Nf3 Bb4 5. Ng5 O-O 6. Nd5 Nxd5 7. Bxd5 Qxg5
8. c3 Qxg2 9. Rf1 Bc5 10. d3 d6 11. Qh5 Bh3 12. Qe2 Qxh2 13. Be3 Bxe3 14. fxe3
Qxe2+ 15. Kxe2 Bxf1+ 16. Kxf1 Rab8 17. d4 Ne7 18. Bc4 b5 19. Bb3 Rbd8 20. Rd1
a5 21. a4 bxa4 22. Bxa4 Rb8 23. dxe5 Rfd8 24. exd6 Rxd6 25. Rb1 Rf6+ 26. Ke2
Rfb6 27. Kf3 Rxb2 28. Rh1 Ng6 29. Rd1 h6 30. Rd5 Nh4+ 31. Kf4 Ng2+ 32. Kf3 Ne1+
33. Kf4 Rf2+ 34. Kg3 Rbb2 35. Rd8+ Kh7 36. Rd1 Rf1 37. Rxe1 Rxe1 38. Kf3 Rf1+
39. Kg3 Rbf2 40. Bb5 Rf3+ 41. Kg2 R1f2+ 42. Kg1 Rc2 43. Bc6 Rxe3 44. Ba4 Re1#
0-1

[Event "Kalamazoo Quads"]
[Site "Kalamazoo"]
[Date "1996.03.30"]
[Round "?"]
[White "Nikitin, Mike"]
[Black "Neely, Richard"]
[Result "1-0"]
[WhiteElo "1501"]
[BlackElo "1500"]
[PlyCount "115"]
[EventDate "1996.03.30"]

1. e4 d6 2. d4 Nf6 3. Nc3 g6 4. Nf3 Bg7 5. Bc4 O-O 6. Be3 Nbd7 7. Qd2 Ng4 8.
Bg5 c5 9. h3 Ngf6 10. O-O-O Qb6 11. Rhf1 cxd4 12. Nxd4 Nc5 13. f3 e6 14. Ndb5
d5 15. Bxf6 Bxf6 16. exd5 exd5 17. Nxd5 Qd8 18. Nxf6+ Qxf6 19. Qd4 Qe7 20. Rfe1
Be6 21. Bxe6 Nxe6 22. Qe3 Qb4 23. Nc3 b6 24. Qh6 Qf4+ 25. Qxf4 Nxf4 26. Rd2
Rfe8 27. Rxe8+ Rxe8 28. Ne4 f5 29. Nf6+ Kf8 30. Nxe8 Kxe8 31. h4 h6 32. c4 g5
33. hxg5 hxg5 34. g3 Ne6 35. Rd5 f4 36. gxf4 gxf4 37. b4 Ke7 38. Kd2 Nc7 39.
Kd3 Nxd5 40. cxd5 a5 41. bxa5 bxa5 42. a4 Kd7 43. Kd4 Kd6 44. Kc4 Kd7 45. Kc5
Kc7 46. d6+ Kd7 47. Kb5 Kxd6 48. Kxa5 Kc6 49. Kb4 Kb6 50. Kc4 Ka5 51. Kd4 Kxa4
52. Ke4 Kb5 53. Kxf4 Kc6 54. Kf5 Kd7 55. Kf6 Ke8 56. f4 Kf8 57. f5 Ke8 58. Kg7
1-0

[Event "Kalamazoo Quads"]
[Site "Kalamazoo"]
[Date "1996.03.30"]
[Round "?"]
[White "Newhouse, Gregory"]
[Black "Latterner, Tom"]
[Result "1-0"]
[WhiteElo "1329"]
[BlackElo "1277"]
[PlyCount "83"]
[EventDate "1996.03.30"]

1. d4 d5 2. c4 dxc4 3. Nf3 Nf6 4. Bf4 e6 5. e3 b5 6. a4 Bb4+ 7. Nc3 Ne4 8. Qc2
f5 9. axb5 Qd5 10. Nd2 Bxc3 11. bxc3 Nxd2 12. Kxd2 O-O 13. Qa4 Bd7 14. Qxc4
Qxc4 15. Bxc4 c6 16. Bxb8 Rfxb8 17. bxc6 Bxc6 18. Bxe6+ Kf8 19. Rhb1 Re8 20.
Bxf5 g6 21. Bh3 Be4 22. Rb4 a5 23. Rba4 Reb8 24. f3 Rb2+ 25. Kc1 Rc2+ 26. Kd1
Bd3 27. Rxa5 Re8 28. Ra8 Rxa8 29. Rxa8+ Kg7 30. Ra1 Rxc3 31. Kd2 Rb3 32. Be6
Rb6 33. Kxd3 Rxe6 34. e4 Kf6 35. f4 g5 36. f5 Rb6 37. Rc1 h5 38. d5 Ke5 39. g3
Rb4 40. Rc4 Rb2 41. Rc6 Rb3+ 42. Kc4 1-0

[Event "Kalamazoo Quads"]
[Site "Kalamazoo"]
[Date "1996.03.30"]
[Round "?"]
[White "Newhouse, Gregory"]
[Black "Brumley, Ron"]
[Result "1-0"]
[WhiteElo "1329"]
[BlackElo "1299"]
[PlyCount "117"]
[EventDate "1996.03.30"]

1. d4 d5 2. c4 Bf5 3. Bf4 e6 4. e3 Nf6 5. Qb3 Nbd7 6. Nf3 Bxb1 7. Rxb1 a5 8.
Qxb7 Bb4+ 9. Kd1 Ne4 10. Bxc7 Qc8 11. Qxc8+ Rxc8 12. Bg3 dxc4 13. Kc2 a4 14. a3
Ba5 15. Rc1 Ndf6 16. Kb1 g5 17. Rxc4 Rxc4 18. Bxc4 Ke7 19. Ne5 Ra8 20. f3 Nd2+
21. Ka2 g4 22. Nc6+ Kd7 23. Nxa5 Rxa5 24. Rc1 gxf3 25. gxf3 Nxf3 26. Bd3 Ng5
27. Rc7+ Ke8 28. Rc5 Rxc5 29. dxc5 h5 30. Bb5+ Kd8 31. Bxa4 Nd5 32. Bh4 f6 33.
Bxg5 fxg5 34. e4 Ne3 35. b4 Nf1 36. h3 g4 37. hxg4 hxg4 38. Bd1 g3 39. Bf3 Ne3
40. b5 g2 41. Bxg2 Nxg2 42. a4 Ne3 43. Kb3 Ng4 44. a5 Nf6 45. a6 Kc8 46. b6
Nxe4 47. a7 Kb7 48. c6+ Ka8 49. c7 Nd6 50. Kb4 Kb7 51. Kc5 Nc8 52. a8=Q+ Kxa8
53. Kc6 Ne7+ 54. Kd7 e5 55. c8=Q+ Nxc8 56. Kxc8 e4 57. b7+ Ka7 58. b8=Q+ Ka6
59. Qe5 1-0

[Event "Kalamazoo Quads"]
[Site "Kalamazoo"]
[Date "1996.03.30"]
[Round "?"]
[White "Neely, Richard"]
[Black "Martin, Bill"]
[Result "1-0"]
[WhiteElo "1500"]
[BlackElo "1510"]
[PlyCount "57"]
[EventDate "1996.03.30"]

1. d4 d5 2. e4 dxe4 3. Nc3 Nf6 4. f3 Bf5 5. g4 Bg6 6. Bf4 a6 7. Qe2 e6 8. O-O-O
Nd5 9. Nxd5 exd5 10. h4 h6 11. h5 Bh7 12. Bg2 Be7 13. fxe4 dxe4 14. Bxe4 O-O
15. Bxb7 Ra7 16. Be4 Bxe4 17. Qxe4 Re8 18. Re1 Nd7 19. Nf3 Nf6 20. Qd3 Nd5 21.
Bd2 Bb4 22. Rxe8+ Qxe8 23. c3 Bd6 24. Re1 Qd7 25. Ne5 Bxe5 26. Rxe5 c6 27. g5
f6 28. gxf6 gxf6 29. Qg6+ 1-0

[Event "Kalamazoo Quads"]
[Site "Kalamazoo"]
[Date "1996.03.30"]
[Round "?"]
[White "McGrew, Tim"]
[Black "Lynn, Steve"]
[Result "1-0"]
[WhiteElo "2129"]
[BlackElo "2045"]
[PlyCount "55"]
[EventDate "1996.03.30"]

1. e4 d6 2. d4 Nf6 3. Nc3 g6 4. Bg5 c6 5. Qd2 b5 6. Bd3 Nbd7 7. f4 Nb6 8. Nf3
a5 9. O-O h6 10. Bxf6 exf6 11. e5 f5 12. Rae1 d5 13. e6 Bxe6 14. Ne5 b4 15. Nd1
Qc7 16. Nxg6 fxg6 17. Rxe6+ Kf7 18. Rfe1 Bd6 19. Qe2 Qd7 20. Bxf5 gxf5 21. Qh5+
Kg8 22. Qg6+ Qg7 23. Rxd6 Nc4 24. Rxc6 Qxg6 25. Rxg6+ Kf7 26. Rge6 h5 27. Re7+
Kf8 28. Rc7 1-0

[Event "Kalamazoo Quads"]
[Site "Kalamazoo"]
[Date "1996.03.30"]
[Round "?"]
[White "McGrew, Tim"]
[Black "Estlick, Laurence"]
[Result "1-0"]
[WhiteElo "2129"]
[BlackElo "2073"]
[PlyCount "80"]
[EventDate "1996.03.30"]

1. e4 e6 2. d4 d5 3. Nc3 Nf6 4. Bg5 Be7 5. Bxf6 Bxf6 6. Nf3 dxe4 7. Nxe4 b6 8.
Bd3 O-O 9. Qd2 Bb7 10. O-O-O Nd7 11. h4 c5 12. Neg5 h6 13. Ne4 cxd4 14. Qf4 Qb8
15. Qg4 Be5 16. Qh5 g6 17. Qg4 Nc5 18. h5 Nxd3+ 19. Rxd3 Kg7 20. hxg6 f5 21.
Qh5 Bf4+ 22. Ned2 Bxf3 23. Rxf3 Rf6 24. Rd3 Qe5 25. g3 Bxd2+ 26. Rxd2 Rxg6 27.
Qh4 Rf8 28. Rxd4 Rf7 29. Rhd1 Qf6 30. Qh1 Qg5+ 31. Kb1 Rgf6 32. Qa8 f4 33. Rd8
Kg6 34. Rg8+ Rg7 35. Rxg7+ Kxg7 36. Qxa7+ Kg6 37. Qxb6 fxg3 38. fxg3 e5 39. Qb3
Qf5 40. Qg8+ Kh5 1-0

[Event "Kalamazoo Quads"]
[Site "Kalamazoo"]
[Date "1996.03.30"]
[Round "?"]
[White "Masse, David"]
[Black "Van Den Abell, Tom"]
[Result "1-0"]
[WhiteElo "971"]
[BlackElo "1122"]
[PlyCount "85"]
[EventDate "1996.03.30"]

1. d4 Nf6 2. c4 d5 3. e3 g6 4. Nf3 Bg7 5. Nc3 Bg4 6. Be2 O-O 7. O-O a6 8. h3
Bxf3 9. Bxf3 c6 10. Qb3 Qd7 11. cxd5 b5 12. Re1 Qc7 13. Bd2 Rd8 14. Rac1 cxd5
15. Nxd5 Qd6 16. Nxf6+ Bxf6 17. Bxa8 Nd7 18. Bd5 e6 19. Bf3 Rb8 20. Bb4 Qb6 21.
Rc6 Qd8 22. Rec1 Nf8 23. Rxa6 Qe8 24. Rac6 Qd7 25. Rc7 Qd8 26. R1c3 Nd7 27. Qc2
Nb6 28. Ba5 Nc4 29. Rb7 Qxa5 30. Rxb8+ Kg7 31. Be2 Qc7 32. Ra8 Qb7 33. Bf3 Qb6
34. b3 Qa5 35. bxc4 b4 36. Rd3 Qa4 37. c5 g5 38. c6 Bd8 39. Rxd8 Qb5 40. c7 Qa4
41. c8=Q h5 42. Q8c7 Qxa2 43. Qe5+ 1-0